| 000 | 00963nam a2200241 4500 | ||
|---|---|---|---|
| 003 | CO-ViMGA | ||
| 020 | _a9789962040347 | ||
| 040 |
_aCO-ViMGA _bspa _cCO-ViMGA |
||
| 082 | 0 | 4 |
_a745.5942 _b B37 |
| 245 | 1 | 0 |
_aBisutería artesanal y ecológica / _cMaria Cristina Parra Rodríguez. |
| 260 |
_aPekín : _bLexus, _c2011. |
||
| 300 |
_a198 páginas : _bilustraciones y fotografías en color ; 34 cm + 1 DVD. |
||
| 490 | _aPlan Nacional de Lectura y Escritura Leer es mi Cuento / Ministerio de Cultura | ||
| 650 | 1 | 4 |
_aAnillos _xEnseñanza _98639 |
| 650 | 1 | 4 |
_aArtesanías textiles _xEnseñanza, Materiales _98640 |
| 650 | 1 | 4 |
_aArtesanías _xEnseñanza, Materiales _98636 |
| 650 | 1 | 4 |
_aCollares _xEnseñanza _98638 |
| 650 | 1 | 4 |
_aJoyería _xEnseñanza _98637 |
| 700 | 1 |
_aMorales Roa, Gilberto, _efotógrafo _98643 |
|
| 700 | 1 |
_aParra Rodríguez, Maria Cristina, _edirectora _98641 |
|
| 700 | 1 |
_aRamírez P., María Johanna, _ediseñadora _98642 |
|
| 942 |
_2ddc _cBK |
||
| 999 |
_c7529 _d7529 |
||